000 00666nam a2200241Ia 4500
005 20260121112842.0
008 9314 260114s9999 xx 000 0 eng d
020 _a9781848160453
037 _aEBOOK
040 _aCRL
_beng
_cCRL
041 _aeng
_2eng
084 _qCRL
100 _aVinnicombe Glenn
_9964251
245 0 _aUncertainty and Feedback, H Loop-Shaping and the V-Gap Metric
260 _bICP
260 _bWorld Scientific
260 _c2000
650 _aEngineering / Acoustics
_9964252
856 _uhttps://www.worldscientific.com/worldscibooks/10.1142/p140#t=toc
942 _cEBOOK
999 _c1546614
_d1546614